000
00332nam a22001457a 4500
008
210507b ||||| |||| 00| 0 eng d
020
_a
9780030314612
041
_a
eng
080
_2
9th
_a
336
082
_a
336
100
_a
53
101
_a
FIN
245
_a
Fundamental of Financial Management
_c
Brigham,E.F
942
_2
udc
_c
BK
999
_c
57114
_d
57114